Starting Locations of Le Tour de France. - Statistics

General Stats
  • This quiz has been taken 1,624 times
    193 since last reset
  • The average score is 63 of 113
Answer Stats
Year Place % Correct
1920 | 1921 Argenteuil
96%
1913 Boulogne-Billancourt
96%
1986 Boulougne-Billancourt
96%
1983 Fountenay-sous-Bois
96%
1925 | 1927 | 1928 | +11 others Le Vésinet
96%
1924 Luna Park
96%
1903 | 1904 Montgeron
96%
1984 Montreuil
96%
1906 | 1907 | 1908 | +3 others Neuilly-sur-Seine
96%
1905 Noisy-le-Grand
96%
1912 | 1919 | 1922 | +7 others Paris
96%
1914 Saint-Cloud
96%
1981 | 2020 Nice
83%
1958 | 2019 Brussels
81%
1960 | 1994 Lille
81%
2026 Barcelona
71%
1991 Lyon
71%
1954 Amsterdam
69%
2007 London
69%
2022 Copenhagen
68%
2009 Monaco
58%
2023 Bilbao
53%
2024 Florence
52%
1953 | 2006 Strasbourg
52%
1987 West-Berlin
52%
1952 | 1974 | 2008 | 2021 Brest
51%
1957 Nantes
51%
2010 Rotterdam
48%
1998 Dublin
45%
2004 | 2012 Liège
39%
1964 Rennes
39%
1989 | 2002 Luxembourg
38%
2017 Düsseldorf
33%
2015 Utrecht
31%
1951 Metz
29%
1956 Reims
29%
1955 Le Havre
28%
1962 | 1966 Nancy
26%
1980 Frankfurt
25%
1961 | 1997 Rouen
25%
1982 Basel
24%
2014 Leeds
23%
1969 Roubaix
23%
2001 Dunkirk
22%
1965 Cologne
21%
2027 Edinburgh
21%
1992 San Sebastián
21%
1990 | 2000 Futuroscope
17%
1970 Limoges
17%
2016 Mont Saint-Michel
15%
1967 | 1972 Angers
12%
1959 | 1971 Mulhouse
12%
2011 Passage du Gois
12%
1975 Charleroi
11%
2018 Noirmoutier-en-I'Île
11%
2013 Porto-Vecchio
10%
1973 Scheveningen
9%
1926 Evian-les-Bains
6%
1996 's-Hertogenbosch
6%
1995 Saint-Brieuc
5%
1985 Plumelec
4%
1976 Saint-Jean-de-Monts
4%
1977 | 1979 Fleurance
3%
1978 Leiden
3%
1999 Le Puy de Fou
3%
1993 Le Puy du Fou
3%
1968 Vittel
3%
2005 Challans
2%
1988 La Baule
2%
No matching quizzes found
Score Distribution
Percent of People with Each Score
Percentile by Number Answered
Your Score History
You have not taken this quiz since the last reset